Rón rén gửi tiền tiết kiệm không bằng mạnh dạn đầu tư

Nội dung quyển sách của Trần Phi Quyên mang nội dung sát thực, phong phú, cung cấp tri thức và khơi gơi lòng can đảm để mọi người đầu tư làm giàu khi chỉ có số vốn nhỏ.

Na minha lista:
Detalhes bibliográficos
Autor principal: Trần Phi Quyên
Outros Autores: Nguyễn Thùy An (Dịch)
Formato: Livro
Idioma:Vietnamese
Publicado em: H. Phụ nữ Việt Nam 2021
Assuntos:
Tags: Adicionar Tag
Sem tags, seja o primeiro a adicionar uma tag!
Thư viện lưu trữ: Thư viện Trường Đại học Nam Cần Thơ
LEADER 01109nam a22002057a 4500
001 NCT_150663
008 230602b xxu||||| |||| 00| 0 vie d
999 |c 7786  |d 7786 
020 |a 9786043293319  |c 95000 
082 0 4 |2 23rd ed.  |a 332.024  |b Q527 
100 1 |a Trần Phi Quyên 
245 1 0 |a Rón rén gửi tiền tiết kiệm không bằng mạnh dạn đầu tư  |c Trần Phi Quyên; Nguyễn Thùy An (dịch) 
260 |a H.  |b Phụ nữ Việt Nam  |c 2021 
300 |a 194 tr.  |b minh họa  |c 21cm 
520 3 |a Nội dung quyển sách của Trần Phi Quyên mang nội dung sát thực, phong phú, cung cấp tri thức và khơi gơi lòng can đảm để mọi người đầu tư làm giàu khi chỉ có số vốn nhỏ. 
653 |a Quản trị kinh doanh 
700 1 |a Nguyễn Thùy An   |e Dịch 
942 |2 ddc  |c BK 
952 |0 0  |1 0  |2 ddc  |4 0  |6 332_024000000000000_Q527  |7 0  |9 27775  |a 000001  |b 000001  |d 2023-06-02  |o 332.024 Q527  |p MD.21862  |r 2023-06-02  |v 95000.00  |w 2023-06-02  |y BK 
980 |a Thư viện Trường Đại học Nam Cần Thơ